00460nam a22001697a 450000500170000001000150001702000260003203500140005803700140007208200170008610000150010324500550011825000070017326000410018027000490022130000200027020260327120851.0 aENG-148151 c800.00a9789392140983 aEN-131683 aDPLbDBAD a347.4206225 aBatuk Lal  aThe Bharatiya Sakshya Adhiniyam, 2023/cBatuk Lal  a25 aPrayagrajbCentral Law Agency c2026 a30D/1, Motolal Nehru RoadbPrayagraje211002 a651p.c23cm(pb)